Cities by Soccer Stadium - Statistics

General Stats
  • This quiz has been taken 88,981 times
  • The average score is 12 of 20
Answer Stats
Stadium City % Correct
Camp Nou Barcelona
98%
Wembley Stadium London
97%
Old Trafford Manchester
97%
Santiago Bernabéu Madrid
96%
Anfield Stadium Liverpool
89%
San Siro Milan
87%
Allianz Arena Munich
87%
Juventus Stadium Turin
79%
Estádio do Maracanã Rio de Janeiro
70%
Estadio Azteca Mexico City
69%
Signal Iduna Park Dortmund
57%
Estádio da Luz Lisbon
53%
El Monumental Buenos Aires
51%
Luzhniki Stadium Moscow
47%
Ibrox Stadium Glasgow
46%
Croke Park Dublin
41%
Estadio Centenario Montevideo
25%
Rungnado May Day Stadium Pyongyang
14%
FNB Stadium Johannesburg
12%
Azadi Stadium Tehran
12%
No matching quizzes found
Score Distribution
Percent of People with Each Score
Percentile by Number Answered
Your Score History
You have not taken this quiz